Travelling in the wild (Record no. 533523)

000 -LEADER
fixed length control field 00457nam a22001457a 4500
008 - FIXED-LENGTH DATA ELEMENTS--GENERAL INFORMATION
fixed length control field 260602b ||||| |||| 00| 0 eng d
100 ## - MAIN ENTRY--PERSONAL NAME
Personal name Nair, Govindan
245 ## - TITLE STATEMENT
Title Travelling in the wild
260 ## - PUBLICATION, DISTRIBUTION, ETC. (IMPRINT)
Place of publication, distribution, etc The Book Review
300 ## - PHYSICAL DESCRIPTION
Extent 49(4), Apr, 2025: p.41-42
520 ## - SUMMARY, ETC.
Summary, etc No half measures by Jennifer Nandi, National Press, 2024, 260. Pp. Rs.799.00. – Reproduced
773 ## - HOST ITEM ENTRY
Main entry heading The Book Review
906 ## - LOCAL DATA ELEMENT F, LDF (RLIN)
Subject DIP BOOK REVIEW
942 ## - ADDED ENTRY ELEMENTS (KOHA)
Item type Articles
Holdings
Withdrawn status Lost status Source of classification or shelving scheme Damaged status Not for loan Permanent location Current location Date acquired Serial Enumeration / chronology Barcode Date last seen Koha item type
          Indian Institute of Public Administration Indian Institute of Public Administration 2026-06-02 49(4), Apr, 2025: p.41-42 AR139015 2026-06-02 Articles

Powered by Koha